[Event "CHN-chT"]
[Site "Nanjing"]
[Date "2023.02.15"]
[Round "2.1"]
[White "Li, Chao B"]
[Black "Liu, Yan"]
[Result "1/2-1/2"]
[WhiteElo "2672"]
[BlackElo "2535"]
[PlyCount "89"]
[EventDate "2023.02.14"]
[EventType "team-swiss"]
[EventRounds "9"]
[EventCountry "CHN"]
[SourceTitle "CBM 212 Extra"]
[Source "ChessBase"]
[SourceDate "2023.03.31"]
[SourceVersion "1"]
[SourceVersionDate "2023.03.31"]
[SourceQuality "1"]
[WhiteTeam "Beijing"]
[BlackTeam "Chongqing"]
[WhiteTeamCountry "CHN"]
[BlackTeamCountry "CHN"]

1. e4 e5 2. Nf3 Nf6 3. Nxe5 d6 4. Nf3 Nxe4 5. Bd3 Nf6 6. 0-0 Be7 7. Re1 0-0 8. c3 Re8 9. h3 Bf8 10. Bc2 Rxe1+ 11. Qxe1 b6 12. d4 Bb7 13. Nbd2 Nbd7 14. b3 Qe7 15. Qxe7 Bxe7 16. Ba3 Bf8 17. Re1 Re8 18. Rxe8 Nxe8 19. Kf1 Nef6 20. Bb2 g6 21. Ke2 h5 22. g3 Bh6 23. c4 d5 24. Ne5 dxc4 25. bxc4 h4 26. Nxd7 Nxd7 27. gxh4 Bg2 28. Ne4 Bg7 29. Ng5 Nf8 30. f3 Nh7 31. Ba4 Nxg5 32. hxg5 Bxh3 33. Bc6 f6 34. f4 fxg5 35. fxg5 Kf7 36. a4 a5 37. Kd3 Bf8 38. Bc1 Bf5+ 39. Kc3 Bd6 40. Be3 Bb4+ 41. Kb2 Bd3 42. Kb3 Bd6 43. Bd2 Ke6 44. Kc3 Bb1 45. Kb2 1/2-1/2

[Event "CHN-chT Div A KO"]
[Site "Liaocheng"]
[Date "2023.02.09"]
[Round "4.2"]
[White "Liu, Yan"]
[Black "Zhang, Zhong"]
[Result "1-0"]
[WhiteElo "2535"]
[BlackElo "2604"]
[PlyCount "77"]
[EventDate "2023.02.06"]
[EventType "team-k.o."]
[EventRounds "6"]
[EventCountry "CHN"]
[SourceTitle "CBM 212 Extra"]
[Source "ChessBase"]
[SourceDate "2023.03.31"]
[SourceVersion "1"]
[SourceVersionDate "2023.03.31"]
[SourceQuality "1"]
[WhiteTeam "Chongqing Ticai"]
[BlackTeam "Shanghai"]
[WhiteTeamCountry "CHN"]
[BlackTeamCountry "CHN"]

1. c4 e5 2. g3 Nf6 3. Bg2 Bc5 4. d3 h6 5. Nf3 Nc6 6. Nc3 d6 7. 0-0 0-0 8. Na4 Re8 9. b3 a5 10. Bb2 Ba7 11. Nc3 Bf5 12. h3 Qd7 13. Kh2 e4 14. Nh4 Bh7 15. Nb5 Qe7 16. Bxf6 Qxf6 17. Bxe4 Bxe4 18. dxe4 Bb6 19. f3 a4 20. Ng2 Ne7 21. b4 Qe5 22. Nf4 f5 23. Nd3 Qe6 24. c5 dxc5 25. bxc5 fxe4 26. Nf4 Qe5 27. cxb6 Qxb5 28. bxc7 Rac8 29. Rb1 Qc4 30. Rxb7 Qxa2 31. fxe4 Qc4 32. Qd6 Qxe4 33. Rb8 Kh7 34. Rc1 g5 35. Rb6 Ng8 36. Qd7+ Qe7 37. Qf5+ Kg7 38. Rg6+ Kh8 39. Re6 1-0

[Event "CHN-ch"]
[Site "Xinghua"]
[Date "2022.11.10"]
[Round "11"]
[White "Bai, Jinshi"]
[Black "Liu, Yan"]
[Result "1/2-1/2"]
[WhiteElo "2569"]
[BlackElo "2532"]
[PlyCount "69"]
[EventDate "2022.11.02"]
[EventType "tourn"]
[EventRounds "11"]
[EventCountry "CHN"]
[EventCategory "12"]
[SourceTitle "CBM 211 Extra"]
[Source "ChessBase"]
[SourceDate "2023.01.31"]
[SourceVersion "1"]
[SourceVersionDate "2023.01.31"]
[SourceQuality "1"]

1. Nf3 Nf6 2. g3 b5 3. Bg2 Bb7 4. 0-0 e6 5. b3 Be7 6. c4 bxc4 7. bxc4 0-0 8. Nc3 c5 9. Rb1 Bc6 10. d3 d6 11. e4 Nbd7 12. Bf4 h6 13. e5 dxe5 14. Nxe5 Bxg2 15. Kxg2 Nxe5 16. Bxe5 Bd6 17. Bxf6 Qxf6 18. Ne4 Qe7 19. Qa4 Rfd8 20. Rb3 f5 21. Nd2 Be5 22. Nf3 Bf6 23. Rfb1 Rd7 24. Qc6 Rad8 25. Rb7 Rxb7 26. Rxb7 Qd6 27. Qxd6 Rxd6 28. Rxa7 Rxd3 29. Ra5 Rc3 30. Rxc5 Ra3 31. Rc8+ Kf7 32. Rc7+ Kg6 33. Rc6 Kf7 34. Rc7+ Kg6 35. Rc6 1/2-1/2

[Event "CHN-ch"]
[Site "Xinghua"]
[Date "2022.11.09"]
[Round "10"]
[White "Liu, Yan"]
[Black "Lou, Yiping"]
[Result "1/2-1/2"]
[WhiteElo "2532"]
[BlackElo "2490"]
[PlyCount "60"]
[EventDate "2022.11.02"]
[EventType "tourn"]
[EventRounds "11"]
[EventCountry "CHN"]
[EventCategory "12"]
[SourceTitle "CBM 211 Extra"]
[Source "ChessBase"]
[SourceDate "2023.01.31"]
[SourceVersion "1"]
[SourceVersionDate "2023.01.31"]
[SourceQuality "1"]

1. Nf3 d5 2. d4 Nf6 3. c4 e6 4. g3 dxc4 5. Bg2 c5 6. Qa4+ Nc6 7. 0-0 Bd7 8. Qxc4 cxd4 9. Nxd4 Rc8 10. Nc3 Nxd4 11. Qxd4 Bc5 12. Qh4 Bc6 13. Rd1 Qa5 14. Bg5 Be7 15. Bxc6+ Rxc6 16. Ne4 Qe5 17. Nxf6+ Bxf6 18. Bxf6 Qxf6 19. Qb4 Qe7 20. Qd4 0-0 21. Rac1 Rxc1 22. Rxc1 b6 23. Qe5 Qb4 24. Rc7 Qa4 25. a3 h6 26. Qd6 Qe4 27. Qd2 a5 28. f3 Qe5 29. Rc6 Qb5 30. Rc7 Qe5 1/2-1/2

[Event "CHN-ch"]
[Site "Xinghua"]
[Date "2022.11.05"]
[Round "5"]
[White "Liu, Yan"]
[Black "Xu, Zhihang"]
[Result "1/2-1/2"]
[WhiteElo "2532"]
[BlackElo "2504"]
[PlyCount "243"]
[EventDate "2022.11.02"]
[EventType "tourn"]
[EventRounds "11"]
[EventCountry "CHN"]
[EventCategory "12"]
[SourceTitle "CBM 211 Extra"]
[Source "ChessBase"]
[SourceDate "2023.01.31"]
[SourceVersion "1"]
[SourceVersionDate "2023.01.31"]
[SourceQuality "1"]

1. c4 e5 2. g3 Nf6 3. Bg2 Bc5 4. d3 c6 5. Nf3 d6 6. Nc3 0-0 7. 0-0 a5 8. h3 h6 9. b3 d5 10. cxd5 cxd5 11. Bb2 d4 12. Na4 Bd6 13. e3 dxe3 14. fxe3 Nc6 15. Nd2 Ra6 16. Qe2 Be7 17. Ne4 Nd5 18. g4 b6 19. Rac1 Bb7 20. a3 Ra8 21. Nec3 Nf6 22. Nb5 Rc8 23. Rc4 Ba6 24. Rxc6 Bxb5 25. Rxc8 Qxc8 26. Nxb6 Qe6 27. Nc4 e4 28. a4 Ba6 29. Bd4 Rb8 30. Qc2 exd3 31. Qxd3 Rc8 32. Qf5 Bxc4 33. bxc4 Qxc4 34. Qxa5 Bc5 35. Bxc5 Rxc5 36. Qd8+ Kh7 37. Qd4 Qxd4 38. exd4 Rc4 39. Ra1 Rxd4 40. a5 Rd7 41. a6 Ra7 42. Bc6 Kg8 43. Kf2 Kf8 44. Ke3 Ke7 45. Kd4 Kd6 46. Bb7 Nd7 47. Kc4 Nb8 48. Kd4 g6 49. h4 Nd7 50. Kc4 Nb8 51. Rf1 Ke5 52. Kb5 Nxa6 53. Bxa6 Rd7 54. Bc8 Rd8 55. Rc1 Kf4 56. Rc5 Kg3 57. h5 gxh5 58. gxh5 Kh4 59. Kc4 Rd1 60. Kb3 Rg1 61. Rf5 Rg5 62. Rxf7 Kxh5 63. Kc4 Kh4 64. Kd4 Rg1 65. Ke3 Re1+ 66. Kf2 Re5 67. Ba6 Kg5 68. Rc7 Kf6 69. Be2 Rf5+ 70. Kg3 Re5 71. Bf3 Kg5 72. Rc8 Kf6 73. Kh4 Rg5 74. Rc6+ Kg7 75. Rc7+ Kf6 76. Rh7 Rg6 77. Be4 Rg7 78. Rxh6+ Ke5 79. Bf3 Kf5 80. Rh8 Kf4 81. Rf8+ Ke5 82. Bg4 Ra7 83. Kg3 Ra3+ 84. Bf3 Ra4 85. Re8+ Kf5 86. Rb8 Ra5 87. Bg4+ Kg5 88. Be6 Rc5 89. Kf3 Rc1 90. Bd5 Kf5 91. Be4+ Ke5 92. Rb5+ Kd6 93. Ke3 Rc4 94. Kf4 Rc3 95. Rd5+ Ke6 96. Ra5 Kf6 97. Ra6+ Kg7 98. Ke5 Rc5+ 99. Bd5 Rc7 100. Ra1 Rc5 101. Rg1+ Kh6 102. Ke6 Ra5 103. Bf3 Ra6+ 104. Kf5 Ra5+ 105. Kf4 Ra6 106. Be4 Rb6 107. Rh1+ Kg7 108. Rh7+ Kf8 109. Ke5 Kg8 110. Rc7 Rb5+ 111. Bd5+ Kh8 112. Rd7 Rb1 113. Be6 Rh1 114. Rd8+ Kg7 115. Rd7+ Kh8 116. Rd2 Rh5+ 117. Kf6 Rh6+ 118. Kf7 Rh7+ 119. Kf8 Rg7 120. Rf2 Rh7 121. Bf7 Rg7 122. Bg6 1/2-1/2

[Event "CHN-ch"]
[Site "Xinghua"]
[Date "2022.11.03"]
[Round "2"]
[White "Li, Di"]
[Black "Liu, Yan"]
[Result "1/2-1/2"]
[WhiteElo "2539"]
[BlackElo "2532"]
[PlyCount "55"]
[EventDate "2022.11.02"]
[EventType "tourn"]
[EventRounds "11"]
[EventCountry "CHN"]
[EventCategory "12"]
[SourceTitle "CBM 211 Extra"]
[Source "ChessBase"]
[SourceDate "2023.01.31"]
[SourceVersion "1"]
[SourceVersionDate "2023.01.31"]
[SourceQuality "1"]

1. d4 Nf6 2. c4 e6 3. Nc3 Bb4 4. e3 c5 5. Bd3 b6 6. Nge2 Bb7 7. 0-0 cxd4 8. exd4 0-0 9. d5 h6 10. a3 Bxc3 11. Nxc3 exd5 12. cxd5 Na6 13. b4 Nc7 14. Bb2 Nfxd5 15. Ne4 Nf4 16. Qg4 Nce6 17. Nf6+ Kh8 18. Rfe1 Nxd3 19. Qf5 Ng5 20. h4 Nxb2 21. hxg5 gxf6 22. Qh3 fxg5 23. Qxh6+ Kg8 24. Re5 f5 25. Qg6+ Kh8 26. Qh6+ Kg8 27. Qg6+ Kh8 28. Qh6+ 1/2-1/2